00867nam a22002177a 450000500170000000800410001702000180005804000070007604100080008308200160009110000150010724500200012225000060014226000400014830000290018836500580021752002790027565000650055465000160061965000140063520260421164901.0260421b |||||||| |||| 00| 0 eng d a9789392140075 cAL aeng a340.1bMISM aO P Mishra aMoot court Ed 3 a3 aAllahabadbCentral Law Agencyc2022 axxxv,403pbPBc23x15.5cm 2Lawa1343b₹300.00c₹d₹400.00e25%f14-03-2026 aTable of Contents Introduction Moot Court (Pre-Trial Preparation) Moot Court (Participation in Trial Proceedings) Skills Developed Through Moot Court Challenges in Moot Court Participation Importance of Moot Court in Legal Education and Professional Development Conclusion aPre Trial Preparation and Participation in trial proceedings aCivil Cases aPleadings